000 00776nam a2200241 i 4500
001 bg
100 1 _aWOROPAY, Maciej
245 1 0 _aPodstawy badań eksploatacyjnych wybranych elementów maszyn /
_cMaciej Woropay, Adam Budzyński, Klaudiusz Migawa.
260 _aBydgoszcz :
_bWydawnictwa Uczelniane Akademii Techniczno-Rolniczej,
_ccop. 2001.
300 _a280 s. :
_bil. ;
_c24 cm.
504 _aBibliogr. przy rozdz.
650 9 _aMaszyny
_xobsługa i eksploatacja
_xbadanie
655 _aPodręczniki akademickie
700 1 _aBUDZYŃSKI, Adam
700 1 _aMIGAWA, Klaudiusz
020 _a8387274739
040 _cBPK
041 0 _apl
080 _a621.004.5/.6(075.8)
920 _a83-87274-73-9
942 _cKS
008 s pl f |000 0 pol
999 _c42437
_d42437
856 _uhttp://koha.tu.koszalin.pl/cgi-bin/koha/opac-detail.pl?biblionumber=42437
_yKatalog online BPK